| Tag |
First Indicator |
Second Indicator |
Subfields |
| LEADER |
00000pam a2200000 a 4500 |
| 001 |
in00000501821 |
| 005 |
20151013070750.0 |
| 008 |
830120s1983 nyua b 00100 eng |
| 010 |
|
|
|a 83001187
|
| 020 |
|
|
|a 0471892106 :
|c $35.00 (est.)
|
| 035 |
|
|
|a (OCoLC)09217349
|
| 035 |
|
|
|9 ACE1090AM
|
| 039 |
0 |
|
|a 2
|b 3
|c 3
|d 3
|e 3
|
| 040 |
|
|
|a DLC
|c DLC
|d TXA
|d UtOrBLW
|
| 049 |
|
|
|a TXAM
|c [1003240]
|
| 050 |
1 |
0 |
|a RM302.4
|b .N87 1983
|
| 060 |
|
0 |
|a W1 CU788AS v. 12
|a QU 4 N976
|
| 082 |
0 |
|
|a 615/.7045
|2 19
|
| 245 |
0 |
0 |
|a Nutrition and drugs /
|c edited by Myron Winick.
|
| 264 |
|
1 |
|a New York :
|b Wiley,
|c [1983]
|
| 264 |
|
4 |
|c ©1983
|
| 300 |
|
|
|a viii, 206 pages :
|b illustrations ;
|c 24 cm.
|
| 336 |
|
|
|a text
|b txt
|2 rdacontent
|
| 337 |
|
|
|a unmediated
|b n
|2 rdamedia
|
| 338 |
|
|
|a volume
|b nc
|2 rdacarrier
|
| 490 |
1 |
|
|a Current concepts in nutrition,
|v v. 12
|
| 500 |
|
|
|a "A Wiley-Interscience publication."
|
| 504 |
|
|
|a Includes bibliographical references and index.
|
| 650 |
|
0 |
|a Drug-nutrient interactions.
|
| 650 |
|
2 |
|a Diet Therapy.
|
| 650 |
|
2 |
|a Drug Interactions.
|
| 650 |
|
2 |
|a Drug Therapy.
|
| 650 |
|
2 |
|a Nutritional Physiological Phenomena
|x drug effects.
|
| 650 |
|
2 |
|a Nutrition Disorders
|x chemically induced.
|
| 700 |
1 |
|
|a Winick, Myron.
|
| 830 |
|
0 |
|a Current concepts in nutrition ;
|v v. 12.
|
| 999 |
|
|
|a MARS
|
| 999 |
f |
f |
|s d848fc22-59fa-3e59-b6c1-6c25cc506908
|i c50731d8-6003-3d31-a86f-706ed568cd43
|t 0
|
| 952 |
f |
f |
|p ric
|a Texas A&M University
|b Rellis Campus
|c Joint Library Facility
|d Remote Storage
|t 0
|e RM302.4 .N87 1983
|h Library of Congress classification
|i unmediated -- volume
|m A14807846438
|
| 998 |
f |
f |
|a RM302.4 .N87 1983
|t 0
|l Remote Storage
|